000 00685nam a2200289Ia 4500
005 20260324145218.0
008 008 260324s9999 xx 000 0 eng d
020 _a9780429047176
037 _aEBOOK
040 _aCRL
040 _beng
040 _cCRL
041 _2eng
041 _aeng
084 _qCRL
100 _aCarl Henry Feuer
_91222155
245 0 _aJamaica And The Sugar Worker Cooperatives
245 4 _bThe Politics Of Reform
260 _bTaylor and Francis
260 _c1984
365 _a
365 _b230
856 _uhttp://www.taylorfrancis.com/books/9780429047176
942 _cEBOOK
999 _c1829754
_d1829754